000 00966cab a2200349 4500
001 ABS58439
008 090401t1998 xxu||||| |||| 00| 0 eng d
035 _a(Sirsi) u85281
041 _aeng
100 _aCarpenter, A.
245 _aUK lions stalk Asian tigers
260 _c1998
350 _a0
490 _aProperty Week
_v62(9) 13 March 1998, 40-42(3)
520 _aExamines the long-term consequences of Asia`s financial crisis on residential development and inward investment in the UK.
650 _aASIA
650 _aCHINA
650 _aFINANCIAL CRISIS
650 _aFUTURE
650 _aHONG KONG
650 _aINWARD INVESTMENT
650 _aJAPAN
650 _aKOREA
650 _aRESIDENTIAL DEVELOPMENT
650 _aRESIDENTIAL INVESTMENT
650 _aRESIDENTIAL MARKET
650 _aTAIWAN
650 _aUNITED KINGDOM
690 _aPROPERTY-PROPERTY FINANCE AND INVESTMENT
942 _n0
948 _c27/03/1998
999 _c53618
_d53618